00903 a2200205 4500003000500000005001700005040000900022082001200031100002800043245007700071260003400148300001600182505031200198538003100510650001400541651001100555942000800566999001900574952010400593Nust20170207153214.0 cNust a621.382 aNazir, Arshad ( MSEE-3) aGround vehicle navigation system using flux-gate compasscArshad Nazir  bMCS, (NUST)c1999aRawalpindi aviii, 66,p. aGround vehicle navigation system (page-1) Dead-reckoning sensorss and global positioning system (page-8) Functional block diagram and system hardware description (page-21) The 8051 microprocessor architectural Overview (page-340 Research and development work (page-43) Conclusiion and future work (page-56)  aAlmirah No. 69 Shelf No. 2 aMS Thesis aMSEE-3 cTHS c181508d181508 00102ddc40708NFICaMCSbMCSd2016-12-12l0o621.382 NAZpMCSTEE-3r2016-12-08w2016-12-12yBK